000 00461cam a2200193ua 4500
001 11219
008 190904n ii |||gr||||Z||||||eng
020 _a9780199665990
040 _cMAIN
041 _aeng
082 _a320.3
100 _aDaniele Caramani,
_eEdithor.,
245 _acEd by Daniele Caramani
250 _a3rd ed.
260 _aNew Delhi:
_bOxford university press,
_c2014.
300 _a576p.
653 _aPolitical science
942 _cBK
999 _c10081
_d10081